Giọng điệu thơ Nguyễn Duy
Khái niệm giọng điệu, giọng điệu trữ tình. Giọng ngợi ca trìu mến và giọng tâm tình thiết tha. Giọng suy tư, trăn trở, triết lý, chiêm nghiệm và giọng ghẹo, trào lộng, pha chút ngang tàng, bụi bặm
Guardat en:
| Autor principal: | |
|---|---|
| Altres autors: | |
| Format: | Llibre |
| Idioma: | Vietnamese |
| Publicat: |
Đà Nẵng
Đại học Đà Nẵng
2010
|
| Matèries: | |
| Etiquetes: |
Afegir etiqueta
Sense etiquetes, Sigues el primer a etiquetar aquest registre!
|
| Thư viện lưu trữ: | Mạng thư viện Đại học Đà Nẵng |
|---|
| LEADER | 01549nam a2200349 4500 | ||
|---|---|---|---|
| 001 | 000010671 | ||
| 003 | 6879 | ||
| 005 | 20111216111223.0 | ||
| 008 | 111216s2010 viesd | ||
| 041 | |a vie | ||
| 072 | |a Luận văn Thạc sĩ Khoa học Xã hội và nhân văn | ||
| 082 | |a 895.9221 |b LE-C | ||
| 100 | |a Lê Thị Kim Cúc | ||
| 245 | |a Giọng điệu thơ Nguyễn Duy |c Lê Thị Kim Cúc | ||
| 260 | |a Đà Nẵng |b Đại học Đà Nẵng |c 2010 | ||
| 300 | |a 115tr |c 29cm | ||
| 500 | |a Luận văn Thạc sĩ Khoa học Xã hội và nhân văn. Chuyên ngành: Văn học Việt Nam. Mã số: 60.22.34 | ||
| 520 | |a Khái niệm giọng điệu, giọng điệu trữ tình. Giọng ngợi ca trìu mến và giọng tâm tình thiết tha. Giọng suy tư, trăn trở, triết lý, chiêm nghiệm và giọng ghẹo, trào lộng, pha chút ngang tàng, bụi bặm | ||
| 653 | |a Nguyễn Duy | ||
| 653 | |a Văn học | ||
| 653 | |a Luận văn Thạc sĩ Văn học Việt Nam | ||
| 700 | |a Nguyễn Thị Bình |c PGS.TS |e Hướng dẫn | ||
| OWN | |a LSP | ||
| AVA | |a UDN50 |b LSP |d 895.9221 LE-C |e available |t Error 5001 Not defined in file expand_doc_bib_avail. |f 1 |g 0 |h N |i 0 |k 1 | ||
| 999 | |a From the UDN01 | ||
| AVA | |a UDN50 |b LSP |d 895.9221 LE-C |e available |t Error 5001 Not defined in file expand_doc_bib_avail. |f 1 |g 0 |h N |i 0 |k 1 | ||
| TYP | |a Monograph | ||
| TYP | |a Printed language | ||
| 980 | |a Mạng thư viện Đại học Đà Nẵng | ||